Alfonso, XI (Registro nro. 178353)

Detalles MARC
000 -LEADER
campo de control de longitud fija 00694nam a22002055i 4500
001 - NÚMERO DE CONTROL
campo de control 178353
003 - IDENTIFICADOR DE NÚMERO DE CONTROL
campo de control ES-MaACL
005 - FECHA Y HORA DE LA ÚLTIMA TRANSACCIÓN
campo de control 20260301183510.0
008 - DATOS DE LONGITUD FIJA--INFORMACIÓN GENERAL
campo de control de longitud fija 110525s1970 sp |||| | spa d
080 ## - NÚMERO DE LA CLASIFICACIÓN DECIMAL UNIVERSAL
Número de la Clasificación Decimal Universal 929 Alfonso XI, Rey de Castilla
245 00 - MENCIÓN DEL TÍTULO
Título Alfonso, XI
Resto del título : el justiciero.
260 ## - PUBLICACIÓN, DISTRIBUCIÓN, ETC.
Lugar de publicación, distribución, etc. Madrid :
Nombre del editor, distribuidor, etc. Delblan,
Fecha de publicación, distribución, etc. D. L. 1970.
300 ## - DESCRIPCIÓN FÍSICA
Extensión 16 p. ;
Dimensiones 16 cm.
490 1# - MENCIÓN DE SERIE
Mención de serie Mosaico cultural. Los grandes capitanes ;
Designación de volumen o secuencia 9
500 ## - NOTA GENERAL
Nota general Encuadernado con otros títulos.
600 07 - PUNTO DE ACCESO ADICIONAL DE MATERIA--NOMBRE DE PERSONA
Nombre de persona Alfonso
Numeración XI,
Títulos y otros términos asociados al nombre Rey de Castilla-
Subdivisión de forma Biografías
Fuente del encabezamiento o término
9 (RLIN) 146726
830 0# - PUNTO DE ACCESO ADICIONAL DE SERIE-TÍTULO UNIFORME
Título uniforme Mosaico cultural. Los grandes capitanes ;
Designación de volumen o secuencia 9
9 (RLIN) 190913
852 ## - LOCALIZACIÓN
Ubicación ES-MaACL
Número de control de estantería E-15197 (9)
Encuadernación Olim P-1923
Existencias
Estatus retirado Estado de pérdida Estado de daño No para préstamo Biblioteca de origen Biblioteca actual Ubicación en estantería Fecha de adquisición Fuente de adquisición Total de préstamos Signatura topográfica completa Código de barras Visto por última vez Precio de reemplazo Tipo de ítem Koha
        Biblioteca del Ateneo de Madrid Biblioteca del Ateneo de Madrid Depósito 2 25/05/2011     E-15197 (9) 1187349 23/02/2023 23/02/2023 Libro impreso